Cẩm nang kỹ thuật điện gia dụng

Tác giả giới thiệu quyển sách nhằm cung cấp những kiến thức cần thiết dành cho việc sử dụng và bảo trì các thiết bị điện gia dụng. Cụ thể như kiến thức để bảo quản và sử dụng, xử lý một số sự cố bất thường, sửa chữa những h...

Полное описание

Сохранить в:
Библиографические подробности
Главный автор: Nguyễn, Bá Đông
Формат:
Язык:Undetermined
Опубликовано: Thành phố Hồ Chí Minh Đại học Quốc gia Tp Hồ Chí Minh 2008
Предметы:
Метки: Добавить метку
Нет меток, Требуется 1-ая метка записи!
Thư viện lưu trữ: Trung tâm Học liệu Trường Đại học Cần Thơ
LEADER 01214nam a2200217Ia 4500
001 CTU_159329
008 210402s9999 xx 000 0 und d
020 |c 20000 
082 |a 643.60288 
082 |b Đ455 
100 |a Nguyễn, Bá Đông 
245 0 |a Cẩm nang kỹ thuật điện gia dụng 
245 0 |c Nguyễn Bá Đông 
260 |a Thành phố Hồ Chí Minh 
260 |b Đại học Quốc gia Tp Hồ Chí Minh 
260 |c 2008 
520 |a Tác giả giới thiệu quyển sách nhằm cung cấp những kiến thức cần thiết dành cho việc sử dụng và bảo trì các thiết bị điện gia dụng. Cụ thể như kiến thức để bảo quản và sử dụng, xử lý một số sự cố bất thường, sửa chữa những hư hỏng đơn giản của một số thiết bị điện trong gia đình. 
650 |a Household appliances, Electric,Thiết bị điện gia dụng 
650 |x Maintaince and repair,Bảo dưỡng và sửa chữa 
904 |i Trọng Hiếu 
980 |a Trung tâm Học liệu Trường Đại học Cần Thơ